000 00731nam a2200229Ii 4500
003 JO-AjNU
008 230605s9999||||xx |||||||||||||| ||und||
017 _a1997/10800
020 _a977-294-030-2
040 _aJO-AjNU
_bara
_erda
_cJO-AjNU
041 _aara
050 1 4 _aGV706.7.A4288 1998
100 3 _aعلاوي، محمد حسن,
_eauthor
_919786
245 0 0 _aسيكولوجية العدوان والعنف في الرياضة
250 _aط1
264 3 1 _aالقاهرة: مركز الكتاب للنشر، 1998
300 _a87ص
336 _atext
_btxt
_2rdacontent
337 _aunmediated
_bn
_2rdamedia
338 _avolume
_bnc
_2rdacarrier
650 4 _aالعدوان - العنف- الرياضة
_919787
999 _aA6591
_c10159
_d10159